01011nam a2200253Ia 4500001000900000003000500009005001700014008004100031010001100072040000900083082001600092111008300108245016400191260001900355300001100374650008300385650005100468901001600519902000600535905006300541942001500604999001900619952011900638dia_1079CHAP20230119121800.0220117s1971 xx 000 0 und d a171627 cCHAP a338.972 C64 aCongreso Nacional de Desarrollo Regional y Comercio Exterior. México9149976 aPrimer Congreso Nacional de Desarrollo Regional y Comercio Exterior. Memoria /c por el Congreso Nacional de Desarrollo Regional y Comercio Exterior. México aMéxicoc1971 a385 p. a1.Desarrollo económicoxMéxicoxDiscurso, ensayos, conferencias / 9149977 aComercio exteriorxMéxicoxCongresos9149978 a338.972 C64 aM a0000001971 MX X 0000000000SPA00 cLIBRO2ddc c171627d171627 00102ddc40708GRALaIA_bIA_d2022-01-18f1l0o338.972 C64pdia_432r2022-01-18 00:00:00t1w2022-01-18yLIBRO